MARC details
| 000 -CABECERA |
| campo de control de longitud fija |
01331nam a2200349 a 4500 |
| 003 - IDENTIFICADOR DEL NÚMERO DE CONTROL |
| campo de control |
CHAP |
| 005 - FECHA Y HORA DE LA ÚLTIMA TRANSACCIÓN |
| campo de control |
20230518182107.0 |
| 007 - CAMPO FIJO DE DESCRIPCIÓN FÍSICA--INFORMACIÓN GENERAL |
| campo de control de longitud fija |
ta |
| 008 - DATOS DE LONGITUD FIJA--INFORMACIÓN GENERAL |
| campo de control de longitud fija |
230517smx mx ad||fr|||| 001 0 spa d |
| 020 ## - NÚMERO INTERNACIONAL ESTÁNDAR DEL LIBRO |
| Número Internacional Estándar del Libro |
968-25-0943-2 |
| 040 ## - FUENTE DE LA CATALOGACIÓN |
| Centro catalogador/agencia de origen |
mxchpua |
| Centro/agencia transcriptor |
CHAP |
| Normas de descripción |
rda |
| 050 10 - SIGNATURA TOPOGRÁFICA DE LA BIBLIOTECA DEL CONGRESO |
| Número de clasificación |
QA37.2 |
| Número de documento/Ítem |
.H47 1983 |
| 082 00 - NÚMERO DE LA CLASIFICACIÓN DECIMAL DEWEY |
| Número de clasificación |
510 |
| Número de documento/Ítem |
H47 1983 |
| Número de edición |
20 |
| 100 1# - ENTRADA PRINCIPAL--NOMBRE DE PERSONA |
| 9 (RLIN) |
54009 |
| Nombre de persona |
Hernández Flores, José Francisco |
| Término indicativo de función/relación |
autor |
| 245 10 - MENCIÓN DE TÍTULO |
| Título |
Matemáticas básicas / |
| Mención de responsabilidad, etc. |
José Francisco Hernández Flores y Nicolás Ballesteros Inda ; editor Alfredo Tapia Hernández |
| 250 ## - MENCIÓN DE EDICIÓN |
| Mención de edición |
2a edición |
| 264 ## - PRODUCCIÓN, PUBLICACIÓN, DISTRIBUCIÓN, FABRICACIÓN Y COPYRIGHT |
| Producción, publicación, distribución, fabricación y copyright |
México : |
| Nombre del de productor, editor, distribuidor, fabricante |
Interamericana, |
| Fecha de producción, publicación, distribución, fabricación o copyright |
1983 |
| 300 ## - DESCRIPCIÓN FÍSICA |
| Extensión |
xv, 416 páginas : |
| Otras características físicas |
ilustraciones, gráficas, tablas |
| 336 ## - TIPO DE CONTENIDO |
| Fuente |
rdacontent |
| Término de tipo de contenido |
texto |
| Código de tipo de contenido |
txt |
| 337 ## - TIPO DE MEDIO |
| Fuente |
rdamedia |
| Nombre/término del tipo de medio |
sin medio |
| Código del tipo de medio |
n |
| 338 ## - TIPO DE SOPORTE |
| Fuente |
rdacarrier |
| Nombre/término del tipo de soporte |
volumen |
| Código del tipo de soporte |
nc |
| 500 ## - NOTA GENERAL |
| Nota general |
En portada: "Curso de universidad abierta. Facultad de Contaduría y Administración. UNAM. Texto apegado a los programas oficiales vigentes." |
| 504 ## - NOTA DE BIBLIOGRAFÍA, ETC. |
| Nota de bibliografía, etc. |
Incluye bibliografías |
| 650 13 - PUNTO DE ACCESO ADICIONAL DE MATERIA--TÉRMINO DE MATERIA |
| 9 (RLIN) |
72901 |
| Término de materia o nombre geográfico como elemento de entrada |
Matemáticas |
| 650 13 - PUNTO DE ACCESO ADICIONAL DE MATERIA--TÉRMINO DE MATERIA |
| 9 (RLIN) |
82391 |
| Término de materia o nombre geográfico como elemento de entrada |
Álgebra |
| 650 13 - PUNTO DE ACCESO ADICIONAL DE MATERIA--TÉRMINO DE MATERIA |
| 9 (RLIN) |
150245 |
| Término de materia o nombre geográfico como elemento de entrada |
Matemáticas y estadística |
| 650 13 - PUNTO DE ACCESO ADICIONAL DE MATERIA--TÉRMINO DE MATERIA |
| 9 (RLIN) |
187070 |
| Término de materia o nombre geográfico como elemento de entrada |
Mathematics |
| 650 10 - PUNTO DE ACCESO ADICIONAL DE MATERIA--TÉRMINO DE MATERIA |
| 9 (RLIN) |
150246 |
| Término de materia o nombre geográfico como elemento de entrada |
Mathematics and statistics |
| 700 1# - PUNTO DE ACCESO ADICIONAL--NOMBRE DE PERSONA |
| 9 (RLIN) |
9728 |
| Nombre de persona |
Ballesteros Inda, Nicolás |
| Término indicativo de función/relación |
autor |
| 700 1# - PUNTO DE ACCESO ADICIONAL--NOMBRE DE PERSONA |
| 9 (RLIN) |
187079 |
| Nombre de persona |
Tapia Hernández, Alfredo |
| Término indicativo de función/relación |
traductor |
| 942 ## - ELEMENTOS DE PUNTO DE ACCESO ADICIONAL (KOHA) |
| Fuente del sistema de clasificación o colocación |
Dewey Decimal Classification |
| Tipo de ítem Koha |
|